The films of Alice Faye /

Bibliographic Details
Main Author: Moshier, W. Franklyn
Format: Book
Language:English
Published: San Francisco, [publisher not identified] ; 1972.
Edition:2d ed.
Subjects:

MARC

Tag First Indicator Second Indicator Subfields
LEADER 00000cam a2200000 4500
001 in00000428513
005 20151012054605.0
008 721003s1972 caua 00010 eng
010 |a  72085154  
035 |a (OCoLC)00488526 
035 |9 ABU8081AM 
040 |a DLC  |c DLC  |d m.c.  |d TXA  |d UtOrBLW 
049 |a TXAM  |c [A09429949] 
050 0 0 |a PN2287.F36  |b M6 1972 
082 0 |a 791.43/028/0924 
100 1 |a Moshier, W. Franklyn. 
245 1 4 |a The films of Alice Faye /  |c by W. Franklyn Moshier. 
250 |a 2d ed. 
264 1 |a San Francisco,  |b [publisher not identified] ;  |c 1972. 
300 |a 192 pages :  |b illustrations ;  |c 29 cm. 
336 |a text  |b txt  |2 rdacontent 
337 |a unmediated  |b n  |2 rdamedia 
338 |a volume  |b nc  |2 rdacarrier 
500 |a Published in 1974 under title: The Alice Faye movie book. 
600 1 0 |a Faye, Alice,  |d 1915-1998. 
999 |a MARS 
999 f f |s c06a5f50-52b9-3fa8-803e-3904fce75ad7  |i 0f62c78e-04b7-3f8a-b668-ae00acbd8f08  |t 0 
952 f f |p normal  |a Texas A&M University  |b College Station  |c Sterling C. Evans Library  |d Evans: Library Stacks  |t 0  |e PN2287.F36 M6 1972  |h Library of Congress classification  |i unmediated -- volume  |m A14809429949 
998 f f |a PN2287.F36 M6 1972  |t 0  |l Evans: Library Stacks